<?xml version="1.0" encoding="UTF-8"?>
<marc:record xmlns:marc="http://www.loc.gov/MARC21/slim">
   <marc:leader>00000nam a2200000 a 4500</marc:leader>
   <marc:datafield ind1="1" ind2=" " tag="100">
      <marc:subfield code="a">Müller, Wunibald</marc:subfield>
      <marc:subfield code="4">aut</marc:subfield>
      <marc:subfield code="e">Verfasser/-in</marc:subfield>
   </marc:datafield>
   <marc:datafield ind1=" " ind2=" " tag="653">
      <marc:subfield code="a">Sexueller Missbrauch</marc:subfield>
   </marc:datafield>
   <marc:datafield ind1=" " ind2=" " tag="653">
      <marc:subfield code="a">Softcover / Sachbücher/Politik</marc:subfield>
   </marc:datafield>
   <marc:datafield ind1=" " ind2=" " tag="653">
      <marc:subfield code="a">Gesellschaft</marc:subfield>
   </marc:datafield>
   <marc:datafield ind1=" " ind2=" " tag="653">
      <marc:subfield code="a">Wirtschaft/Gesellschaft</marc:subfield>
   </marc:datafield>
   <marc:datafield ind1="0" ind2="0" tag="245">
      <marc:subfield code="a">Verschwiegene Wunden</marc:subfield>
   </marc:datafield>
   <marc:datafield ind1="0" ind2="0" tag="245">
      <marc:subfield code="b">sexuellen Missbrauch in der katholischen Kirche erkennen und verhindern</marc:subfield>
   </marc:datafield>
   <marc:datafield ind1="0" ind2="0" tag="245">
      <marc:subfield code="c">Wunibald Müller. Mit einem Vorw. von Anselm Grün</marc:subfield>
   </marc:datafield>
   <marc:datafield ind1=" " ind2="1" tag="264">
      <marc:subfield code="a">München</marc:subfield>
      <marc:subfield code="b">Kösel</marc:subfield>
      <marc:subfield code="c">2010</marc:subfield>
   </marc:datafield>
   <marc:datafield ind1="1" ind2=" " tag="520">
      <marc:subfield code="a">Angaben aus der Verlagsmeldung

Verschwiegene Wunden : Sexuellen Missbrauch in der Katholischen Kirche erkennen und verhindern / von Wunibald Müller

Die Katholische Kirche ist in Aufruhr. In bedrückend großer Anzahl treten Opfer sexuellen Missbrauchs ans Licht, ihre Verletzungen finden Sprache. Kirchliches Personal, Priester, Mönche, Erzieher stehen am Pranger. Unbedingte Solidarität mit den Opfern macht einen differenzierten Blick auf Ursachen der augenblicklichen Notsituation dringlich. Wunibald Müller, erfahrener Psychotherapeut und Theologe, kennt die Situation sexuellen Missbrauchs in der Kirche aufgrund seiner täglichen Arbeit bestens. Der renommierte Fachmann klärt für das Thema Missbrauch wesentliche Hintergründe (u.a. Zölibat, Homosexualität, Pädophilie). Er analysiert hierarchische Beziehungen, die zum Missbrauch führen können, und liefert spirituell und therapeutisch tragfähige Hilfestellungen, um der dramatischen Situation präventiv und nachhaltig zu begegnen.&lt;br /&gt;
&lt;br /&gt;
</marc:subfield>
   </marc:datafield>
   <marc:datafield ind1=" " ind2=" " tag="020">
      <marc:subfield code="a">9783466370009</marc:subfield>
      <marc:subfield code="9">9783466370009</marc:subfield>
   </marc:datafield>
   <marc:datafield ind1=" " ind2=" " tag="300">
      <marc:subfield code="a">222 S.</marc:subfield>
   </marc:datafield>
</marc:record>
